| 000 | 00835cam a2200205 4500 | ||
|---|---|---|---|
| 001 | WB3538-31 | ||
| 008 | 000000n1999 000 0 eng u | ||
| 035 | _a(Sirsi) u102840 | ||
| 245 | _aBoost to dairy industry. | ||
| 260 | _c1999 | ||
| 490 |
_aDTI News Release _v(756) 21 September 1999 |
||
| 490 |
_aFarmers' Weekly _v131(13) 24 September 1999, 23(4) |
||
| 520 | _aThe Secretary of State for Trade and Industry has welcomed the announcement from Milk Marque that it will divide into three separate trading bodies, suggesting that the proposal will lead to a strong competitive market. Others in the industry have been more muted in their response. | ||
| 650 | _aDAIRY INDUSTRY | ||
| 650 | _aDAIRY FARMING | ||
| 650 | _aMONOPOLIES AND MERGERS COMMISSION | ||
| 650 | _aAGRICULTURE | ||
| 690 | _aRURAL PRACTICE | ||
| 942 | _n0 | ||
| 999 |
_c61812 _d61812 |
||